Score 0/22 Timer 03:00
0 Plays Today
Clue 4-Letter Word % Correct
Slimy annelid used as fishing baitWORM
96.1%
Solid, firm; not softHARD
95.3%
Opposite of coolWARM
95.2%
Geometry or algebra, for exampleMATH
93.1%
Deliberately injure someoneHARM
92.6%
TubBATH
92.5%
Rendered fat used in cookingLARD
92.3%
Component of a sentence and this ladderWORD
91.6%
Component of a sentence and this ladderWORD
91.6%
Nobleman paired with a ladyLORD
88.4%
Aching, like musclesSORE
87%
Clue 4-Letter Word % Correct
Respectful way to address a kingSIRE
86.4%
Sexual partner; one of a pairMATE
84.5%
FolktaleLORE
83.9%
To cleanse oneselfWASH
80.4%
Had clothes onWORE
79.7%
Strong desire for something to happenWISH
79%
Location where an event takes placeSITE
78.6%
Parasitic bug related to the tickMITE
78%
Thin, flexible strand of metalWIRE
77.7%
To strike hard and violentlyBASH
76.8%
Having experience and great knowledgeWISE
76.4%

Today's Daily Dose

Remove Ads.
Support Sporcle.
Get the best of Sporcle when you Go Orange. This ad-free experience offers more features, more stats, and more fun while also helping to support Sporcle. Thank you for becoming a member.

You're not logged in!

Compare scores with friends on all Sporcle quizzes.
OR
Log In

Show Comments

Extras

Top Quizzes Today


Score Distribution

Your Account Isn't Verified!

In order to create a playlist on Sporcle, you need to verify the email address you used during registration. Go to your Sporcle Settings to finish the process.

Report this User

Report this user for behavior that violates our Community Guidelines.

Details: